<The> impact of the economic crisis on the labour market

Zamestnanosť a ciele Európskej únie. Lisabonská stratégia, Európa 2020, svetová ekonomická kríza, ciele verzus realita, nezamestnanosť. Krátkodobé zmeny na trhu práce v Maďarsku a na Slovensku.

Na minha lista:
Detalhes bibliográficos
Autor principal: Czeglédi, Csilla
Outros Autores: Cseh Papp, Imola, Hajós, László
Formato: Capítulo de Livro
Idioma:inglês
Assuntos:
Tags: Adicionar Tag
Sem tags, seja o primeiro a adicionar uma tag!

MARC

LEADER 00000naa a2200000 4500
001 0149481
005 20221103131155.4
041 0 |a eng 
044 |a SK 
245 1 0 |a <The> impact of the economic crisis on the labour market  |c Csilla Czeglédi, Imola Cseh Papp, László Hajós 
520 |a Zamestnanosť a ciele Európskej únie. Lisabonská stratégia, Európa 2020, svetová ekonomická kríza, ciele verzus realita, nezamestnanosť. Krátkodobé zmeny na trhu práce v Maďarsku a na Slovensku. 
610 2 0 |a trh práce 
610 2 0 |a kríza hospodárska 
610 2 0 |a zamestnanosť 
610 2 0 |a nezamestnanosť 
610 2 0 |a Slovensko 
610 2 0 |a Maďarsko 
100 1 |a Czeglédi, Csilla 
700 1 |a Cseh Papp, Imola 
700 1 |a Hajós, László